<?xml version="1.0" encoding="UTF-8"?>
<record
    xmlns:xsi="http://www.w3.org/2001/XMLSchema-instance"
    xsi:schemaLocation="http://www.loc.gov/MARC21/slim http://www.loc.gov/standards/marcxml/schema/MARC21slim.xsd"
    xmlns="http://www.loc.gov/MARC21/slim">

  <leader>01704    a2200229   4500</leader>
  <controlfield tag="001">16347</controlfield>
  <controlfield tag="005">20260407155458.0</controlfield>
  <controlfield tag="008">260407a1992    arg                 spa d</controlfield>
  <controlfield tag="003">AR-UNSa-BCEJYS</controlfield>
  <datafield tag="040" ind1=" " ind2=" ">
    <subfield code="a">AR-UNSa-BCEJYS</subfield>
    <subfield code="b">spa</subfield>
    <subfield code="c">AR-UNSa-BCEJYS</subfield>
  </datafield>
  <datafield tag="080" ind1=" " ind2=" ">
    <subfield code="a">657.47</subfield>
    <subfield code="x">Contabilidad de Costos</subfield>
  </datafield>
  <datafield tag="245" ind1="1" ind2="0">
    <subfield code="a">Costos</subfield>
  </datafield>
  <datafield tag="020" ind1=" " ind2=" ">
    <subfield code="a">950-511-130-4</subfield>
  </datafield>
  <datafield tag="250" ind1=" " ind2=" ">
    <subfield code="a">2a. ed.</subfield>
  </datafield>
  <datafield tag="264" ind1=" " ind2="1">
    <subfield code="a">Buenos Aires :</subfield>
    <subfield code="b">Aguilar</subfield>
    <subfield code="c">1992</subfield>
  </datafield>
  <datafield tag="300" ind1=" " ind2=" ">
    <subfield code="a">664 p.</subfield>
    <subfield code="c">25 cm.</subfield>
  </datafield>
  <datafield tag="505" ind1=" " ind2=" ">
    <subfield code="a">1. Introducci&#xF3;n a la contabilidad de costos - 2. Cuentas principales de la contabilidad de costos - 3. Clasificaci&#xF3;n de los costos - 4. Variabilidad de los costos - 5. Contabilizaci&#xF3;n de la materia prima - 6. Contabilizaci&#xF3;n de la mano de obra - 7. Contabilizaci&#xF3;n de las cargas sociales - 8. Contabilizaci&#xF3;n de las cargas sociales - 9. Sistemas de costos;  10. Costos hist&#xF3;ricos por &#xF3;rdenes - 11. Costos presupuestados por &#xF3;rdenes - 12. Costos hist&#xF3;ricos por procesos - 13. Contingencias en los procesos fabriles - 14. Costos est&#xE1;ndares. Requisitos para su implantaci&#xF3;n - 15. Determinaci&#xF3;n de costos est&#xE1;ndares - 16. Mecanismos de contabilizaci&#xF3;n - 17. Variaciones en est&#xE1;ndares - 18. Informes de costos - 19. Gastos de comercializaci&#xF3;n - 20. Costos financieros - 21. Costos para toma de decisiones - 22. Costeo variable - 23. El papel de los costos en el presupuesto integral - 24. "Cost-plus" - 25. Precios de transferencias internas - 26. Control oficial de precios - 27. Utilidades sobre capital invertido por l&#xED;neas de productos</subfield>
  </datafield>
  <datafield tag="942" ind1=" " ind2=" ">
    <subfield code="c">BK</subfield>
  </datafield>
  <datafield tag="590" ind1=" " ind2=" ">
    <subfield code="a">niveau_biblio:m niveau_hierar:0</subfield>
  </datafield>
  <datafield tag="100" ind1="1" ind2=" ">
    <subfield code="a">V&#xE1;zquez, Juan Carlos</subfield>
  </datafield>
  <datafield tag="856" ind1="4" ind2="1">
    <subfield code="u">https://170.210.207.44/pmb/images/libros/L85529.jpg</subfield>
    <subfield code="y">Imagen de portada</subfield>
    <subfield code="q">image/jpeg</subfield>
  </datafield>
  <datafield tag="999" ind1=" " ind2=" ">
    <subfield code="c">709</subfield>
    <subfield code="d">709</subfield>
  </datafield>
  <datafield tag="952" ind1=" " ind2=" ">
    <subfield code="0">0</subfield>
    <subfield code="1">0</subfield>
    <subfield code="4">0</subfield>
    <subfield code="7">0</subfield>
    <subfield code="a">BCEJYS</subfield>
    <subfield code="b">BCEJYS</subfield>
    <subfield code="c">16</subfield>
    <subfield code="d">2026-04-07</subfield>
    <subfield code="l">0</subfield>
    <subfield code="o">657.47 V393c 2ed.</subfield>
    <subfield code="p">L85529</subfield>
    <subfield code="r">2026-04-07 15:54:58</subfield>
    <subfield code="w">2026-04-07</subfield>
    <subfield code="y">L</subfield>
    <subfield code="z">HOJAS MANCHADAS P&#xC1;G. 238 - 239 </subfield>
  </datafield>
  <datafield tag="952" ind1=" " ind2=" ">
    <subfield code="0">0</subfield>
    <subfield code="1">0</subfield>
    <subfield code="4">0</subfield>
    <subfield code="7">0</subfield>
    <subfield code="a">BCEJYS</subfield>
    <subfield code="b">BCEJYS</subfield>
    <subfield code="c">16</subfield>
    <subfield code="d">2026-04-07</subfield>
    <subfield code="l">0</subfield>
    <subfield code="o">657.47 V393c 2ed.</subfield>
    <subfield code="p">L86335</subfield>
    <subfield code="r">2026-04-07 15:54:58</subfield>
    <subfield code="w">2026-04-07</subfield>
    <subfield code="y">L</subfield>
    <subfield code="z">L&#xC1;PIZ - ESCRITO - P&#xC1;G. 22 - 24 MANCHADAS - PARTIDO - CANTOS SUCIOS - &#xDA;LTIMA HOJA SEMISUELTA Y DA&#xD1;ADA </subfield>
  </datafield>
  <datafield tag="952" ind1=" " ind2=" ">
    <subfield code="0">0</subfield>
    <subfield code="1">0</subfield>
    <subfield code="4">0</subfield>
    <subfield code="7">0</subfield>
    <subfield code="a">BCEJYS</subfield>
    <subfield code="b">BCEJYS</subfield>
    <subfield code="c">16</subfield>
    <subfield code="d">2026-04-07</subfield>
    <subfield code="l">0</subfield>
    <subfield code="o">657.47 V393c 2ed.</subfield>
    <subfield code="p">L85527</subfield>
    <subfield code="r">2026-04-07 15:54:58</subfield>
    <subfield code="w">2026-04-07</subfield>
    <subfield code="y">L</subfield>
    <subfield code="z"> L&#xC1;PIZ LEVE - HOJAS MANCHADAS - PARTIDO P&#xC1;G. 305 - CANTRATAPA SUELTA - &#xDA;LTIMAS HOJAS DA&#xD1;ADAS - CANTOS SUCIOS </subfield>
  </datafield>
  <datafield tag="952" ind1=" " ind2=" ">
    <subfield code="0">0</subfield>
    <subfield code="1">0</subfield>
    <subfield code="4">0</subfield>
    <subfield code="7">0</subfield>
    <subfield code="a">BCEJYS</subfield>
    <subfield code="b">BCEJYS</subfield>
    <subfield code="c">16</subfield>
    <subfield code="d">2026-04-07</subfield>
    <subfield code="l">0</subfield>
    <subfield code="o">657.47 V393c 2ed.</subfield>
    <subfield code="p">L70027</subfield>
    <subfield code="r">2026-04-07 15:54:58</subfield>
    <subfield code="w">2026-04-07</subfield>
    <subfield code="y">L</subfield>
    <subfield code="z">SUBRAYADO CON L&#xC1;PIZ - PRIMERA Y &#xDA;LTIMA HOJA DA&#xD1;ADA - CANTOS SUCIOS</subfield>
  </datafield>
  <datafield tag="952" ind1=" " ind2=" ">
    <subfield code="0">0</subfield>
    <subfield code="1">0</subfield>
    <subfield code="4">0</subfield>
    <subfield code="7">0</subfield>
    <subfield code="a">BCEJYS</subfield>
    <subfield code="b">BCEJYS</subfield>
    <subfield code="c">16</subfield>
    <subfield code="d">2026-04-07</subfield>
    <subfield code="l">0</subfield>
    <subfield code="o">657.47 V393c 2ed.</subfield>
    <subfield code="p">L85528</subfield>
    <subfield code="r">2026-04-07 15:54:58</subfield>
    <subfield code="w">2026-04-07</subfield>
    <subfield code="y">L</subfield>
    <subfield code="z">L&#xC1;PIZ - RESALTADOR - CANTOS MANCHADOS - H&#xDA;MEDO - RAYADO - FIBRA AMARILLA </subfield>
  </datafield>
  <datafield tag="952" ind1=" " ind2=" ">
    <subfield code="0">0</subfield>
    <subfield code="1">0</subfield>
    <subfield code="4">0</subfield>
    <subfield code="7">0</subfield>
    <subfield code="a">BCEJYS</subfield>
    <subfield code="b">BCEJYS</subfield>
    <subfield code="c">16</subfield>
    <subfield code="d">2026-04-07</subfield>
    <subfield code="l">0</subfield>
    <subfield code="o">657.47 V393c 2ed.</subfield>
    <subfield code="p">L58830</subfield>
    <subfield code="r">2026-04-07 15:54:58</subfield>
    <subfield code="w">2026-04-07</subfield>
    <subfield code="y">L</subfield>
    <subfield code="z">P&#xC1;G. ROTAS - RAYADO - MANCHADO - RESALTADOR </subfield>
  </datafield>
  <datafield tag="952" ind1=" " ind2=" ">
    <subfield code="0">0</subfield>
    <subfield code="1">0</subfield>
    <subfield code="4">0</subfield>
    <subfield code="7">0</subfield>
    <subfield code="a">BCEJYS</subfield>
    <subfield code="b">BCEJYS</subfield>
    <subfield code="c">16</subfield>
    <subfield code="d">2026-04-07</subfield>
    <subfield code="l">0</subfield>
    <subfield code="o">657.47 V393c 2ed.</subfield>
    <subfield code="p">L85526</subfield>
    <subfield code="r">2026-04-07 15:54:58</subfield>
    <subfield code="w">2026-04-07</subfield>
    <subfield code="y">L</subfield>
    <subfield code="z">L&#xC1;PIZ - MANCHADO - LAPICERA </subfield>
  </datafield>
</record>
